| 000 | 01081nam a22003257a 4500 | ||
|---|---|---|---|
| 003 | CHAP | ||
| 005 | 20220329134650.0 | ||
| 008 | 971013s1973 r 00010 d | ||
| 010 | _a23903 | ||
| 011 | _a24875 | ||
| 035 | _a28975 | ||
| 040 | _cCHAP | ||
| 082 |
_a519.5 _bH3Y |
||
| 100 | 0 | 0 |
_aHaber, Audrey. _952134 |
| 245 | _aEstadística general | ||
| 260 |
_aBogotá : _bFondo Educativo Interamericano, _c1973 |
||
| 300 | _a371 p. | ||
| 590 |
_aBATCH-UPD _b10 _c20130110 _lUCH01 _h2105 |
||
| 590 |
_aBATCH-UPD _b10 _c20130410 _lUCH01 _h1417 |
||
| 590 |
_aBATCH-UPD _b10 _c20130914 _lUCH01 _h1323 |
||
| 590 |
_aCONVERSION _b10 _c20130109 _lUCH01 _h1314 |
||
| 650 | 1 | 4 |
_aEstadística. _938241 |
| 700 | 0 |
_aRunyon, Richard P. _9100866 |
|
| 901 | _aBK | ||
| 942 | _cLIBRO | ||
| 949 |
_a519.5 H3Y _bBC _cLIBRO _d-67003 _eLIBRO _h34395 _i28975 _si |
||
| 949 |
_a519.5 H3Y _bBC _cLIBRO _d33724000643227 _eLIBRO _fc.2 _h50511 _i28975 _si |
||
| 949 |
_a519.5 H3Y _bBC _cLIBRO _d33724000663480 _eLIBRO _fc.4 _h505113 _i28975 _so |
||
| 949 |
_a519.5 H3Y _bBC _cLIBRO _d33724000731204 _eLIBRO _fc.5 _h50514 _i28975 _si |
||
| 999 |
_c23903 _d23903 |
||